000 00231nam a2200085Ia 4500
008 120527s9999 xx 000 0 und d
100 _aSPENCER, S
245 _aLearning to use publisher 2000 for desktop publishing awards
942 _cBK
999 _c25789
_d25789